000 00341pam a2200145 a 4500
020 _c
041 _h
082 _a618.2
_bLAX
100 _aLAXIMICHAND,.
245 _aVIVA IN OBSTETRICS
_hTextual Documents
260 _a[s.l]:
_bJAYPEE BROTHERS MEDICAL PUB. , ,
_c1994.
300 _a202 ;
_cA4.
930 _a140
999 _c794676
_d794676
650 _aOBST.GYNE